00570nam a2200157 a 450000100100000000500170001000800410002702000150006804000130008308200160009610000350011224501120014726000750025930000260033450400520036000000782520200929154318.0090911s2001 dr a 001 0 spa d a8495193027 aDO-SdBNP axxxxbH557g1 aHernández Castillo, Fernando10aGuía práctica para la realización y redacción de una monografía /cFernando Hernández Castillo. aSantiago de los Caballeros, :bUniversidad Abierta para Adulto,c2001. a84 p. :bil ;c21 cm. aIncluye referencias bibliográficas [p. 83-84]